000 01045cam a2200277 i 4500
005 20251111102327.0
008 250721s2005 ua gr 000 0 ara d
020 _a9773458121
041 1 _aara
_heng
082 1 4 _a158
_bو ي ل
100 1 _aويلز، روزماري
_eمؤلف.
245 1 0 _aتكيف الأطفال مع مشكلة طلاق الوالدين /
_cتأليف روزماري ويلز ؛ إعداد قسم الترجمة بدار الفاروق.
246 1 1 _aHELPING CHILDREN COPE WITH DIVORCE
250 _aالطبعة الاولى.
264 3 1 _aالقاهرة :
_bدار الفاروق للنشروالتوزيع،
_c2005.
300 _a148 صفحة.
490 0 _aالصحة النفسية.
650 1 7 _aالصحة النفسية.
650 1 7 _aالطلاق.
650 1 7 _aالتفكك الاسري.
650 1 7 _aالوالدان.
650 1 7 _aالاطفال.
710 2 _aدار الفاروق.
_bقسم الترجمة
_eمترجم.
942 _2ddc
_cBK
999 _c121802
_d121802